| 000 | 00546nam a2200181Ia 4500 | ||
|---|---|---|---|
| 003 | GCL | ||
| 008 | 140319s9999 xx 000 0 ara d | ||
| 040 |
_aGCL / _cGCL |
||
| 082 | 0 | 4 |
_a226 _bم ف |
| 100 | 1 | _aمحمد مصطفى محمد | |
| 245 | 1 | 0 |
_aالفهرس الموضوعىلايات القران الكريم / _cمحمد مصطفى محمد |
| 260 |
_a[S.N] : _bدار عمار للنشر والتوزيع ، _c1989 |
||
| 300 | _a555 ص | ||
| 490 | _a | ||
| 650 | 0 | 4 | _aسور وايات |
| 650 | 0 | 4 | _aالقران |
| 942 |
_2ddc _cBK |
||
| 999 |
_c29162 _d29162 |
||